000 00897cam a2200289Ia 4500
001 46080
005 20230410105138.0
008 950328r19601956sp acfh 001 0 spa d
035 _a(OCoLC)ocm32216394
040 _aCRU
_cCRU
_dOCL
_dOCLCQ
035 _a(OCoLC)32216394
041 1 _aspa
_hger
050 1 4 _aD 20
_bH673 1960
245 1 0 _aHistoria universal /
_cpor Hermann Baumhauer ... [et al.] ; traducida directamente del Alemán por Hilário Gómez.
250 _a1 ed.
260 _aBarcelona :
_bEditorial Labor,
_c1960.
300 _avii, 664 p. [96] p. of plates :
_bill., facism., ports. ;
_c23 cm.
500 _aReprint of the 1956 ed.
500 _aTranslation of: Weltgeschichte.
500 _aIncludes index.
650 0 _aWorld history.
700 1 _aBaumhauer, Hermann.
700 1 _aGómez, Hilário.
942 _2lcc
_cbk
946 _amjcruz
994 _aC0
_bDRFGD
999 _c30989
_d30989